000 00209nam a22000857a 4500
008 161202b xxu||||| |||| 00| 0 eng d
100 _91740
_aManjal. M
245 _aThe rainbow slide
260 _aNew delhi
_bCBT
_c2011
999 _c4448
_d4448